|
|
|
|
| LEADER |
00904nam a2200229 a 4500 |
| 001 |
14421555 |
| 008 |
060621s2005 bg b 000 0 eng d |
| 010 |
|
|
|a 2006561787
|
| 020 |
|
|
|a 9848104485
|
| 040 |
|
|
|a DLC
|c DLC
|
| 082 |
0 |
0 |
|a 307.1/412/0954
|
| 245 |
0 |
0 |
|a Rural Development Report 2005.
|
| 260 |
|
|
|a Dhaka :
|b Centre on Integrated Rural Development for Asia and the Pacific,
|c 2005.
|
| 300 |
|
|
|a xii, 140 p. ;
|c 29 cm.
|
| 490 |
0 |
|
|a CIRDAP study series ;
|v no. 199
|
| 504 |
|
|
|a Includes bibliographical references (p. 139-140).
|
| 541 |
1 |
|
|e 00015675
|
| 650 |
|
0 |
|a Rural development
|z South Asia
|
| 710 |
2 |
|
|a Center on Integrated Rural Development for Asia and the Pacific.
|
| 852 |
4 |
|
|a Ayesha Abed Library
|j General shelf
|
| 999 |
|
|
|c 8084
|d 8084
|
| 952 |
|
|
|0 0
|1 0
|2 ddc
|4 0
|6 307_141209540000000_RUR_2005
|7 0
|9 9211
|a BRACUL
|b BRACUL
|c GEN
|d 2010-04-13
|l 0
|o 307.14120954 RUR
|p 3010015675
|r 2010-04-13
|t 1
|w 2010-04-13
|y BK
|